[Event "Kemerovo Region Cup sf"]
[Site "Kemerovo"]
[Date "2014.07.24"]
[Round "6"]
[White "Mikhailov, Vladimir"]
[Black "Noskov, Dmitriy"]
[Result "1/2-1/2"]
[WhiteElo "2269"]
[BlackElo "2063"]
[PlyCount "89"]
[EventDate "2014.07.21"]
[EventType "swiss"]
[EventRounds "9"]
[EventCountry "RUS"]
[SourceTitle "EXT 2016"]
[Source "ChessBase"]
[SourceDate "2015.10.08"]
[SourceVersion "1"]
[SourceVersionDate "2015.10.08"]
[SourceQuality "1"]

1. Nf3 d5 2. d4 Nf6 3. c4 c6 4. Nc3 dxc4 5. a4 Bf5 6. Ne5 Nbd7 7. Nxc4 Qc7 8. g3 e5 9. dxe5 Nxe5 10. Bf4 Nfd7 11. Bg2 g5 12. Ne3 gxf4 13. Nxf5 0-0-0 14. 0-0 h5 15. Rc1 Nc5 16. Qc2 a5 17. Rfd1 Rxd1+ 18. Rxd1 Ng4 19. Qd2 fxg3 20. hxg3 Ne6 21. Ne4 Bb4 22. Qc2 Rd8 23. Rxd8+ Qxd8 24. e3 Ng5 25. Nxg5 Qxg5 26. Bh3 Kb8 27. Qe4 Ka7 28. Kf1 Qf6 29. Bxg4 hxg4 30. Qd4+ Qxd4 31. exd4 b5 32. b3 Kb6 33. Ke2 Bc3 34. Kd3 Be1 35. Ke2 Bc3 36. Kd3 Be1 37. Ke3 c5 38. Ke2 Bc3 39. dxc5+ Kxc5 40. Kd3 Be1 41. Ke2 Bc3 42. axb5 Kxb5 43. Kd3 Kb4 44. Kc2 Be1 45. Nh6 1/2-1/2

[Event "Kemerovo Region Cup sf"]
[Site "Kemerovo"]
[Date "2014.07.22"]
[Round "2"]
[White "Noskov, Dmitriy"]
[Black "Kljucharev, Sergey"]
[Result "0-1"]
[WhiteElo "2063"]
[BlackElo "2379"]
[PlyCount "54"]
[EventDate "2014.07.21"]
[EventType "swiss"]
[EventRounds "9"]
[EventCountry "RUS"]
[SourceTitle "EXT 2016"]
[Source "ChessBase"]
[SourceDate "2015.10.08"]
[SourceVersion "1"]
[SourceVersionDate "2015.10.08"]
[SourceQuality "1"]

1. d4 Nf6 2. c4 c5 3. d5 b5 4. cxb5 a6 5. bxa6 Bxa6 6. g3 d6 7. Bg2 g6 8. Nf3 Bg7 9. 0-0 0-0 10. Nc3 Nbd7 11. h3 Qb8 12. Re1 Nb6 13. e4 Nfd7 14. Qb3 Nc4 15. Qc2 h6 16. Nh2 Qb4 17. a3 Qa5 18. Ng4 Kh7 19. Ne3 Nde5 20. Nxc4 Bxc4 21. Be3 Rfb8 22. b4 cxb4 23. axb4 Qxa1 24. Rxa1 Rxa1+ 25. Kh2 Rxb4 26. Qd2 Nd3 27. Nd1 Ra2 0-1

[Event "Kemerovo op"]
[Site "Kemerovo"]
[Date "2013.07.23"]
[Round "3"]
[White "Noskov, Dmitriy"]
[Black "Siuniakov, Igor"]
[Result "0-1"]
[WhiteElo "2053"]
[BlackElo "2304"]
[PlyCount "88"]
[EventDate "2013.07.22"]
[EventType "swiss"]
[EventRounds "9"]
[EventCountry "RUS"]
[SourceTitle "EXT 2014"]
[Source "ChessBase"]
[SourceDate "2013.11.20"]
[SourceVersion "1"]
[SourceVersionDate "2013.11.20"]
[SourceQuality "1"]

1. d4 Nf6 2. c4 g6 3. Nc3 Bg7 4. e4 0-0 5. Nf3 d6 6. Be2 e5 7. dxe5 dxe5 8. Qxd8 Rxd8 9. Bg5 c6 10. Nxe5 Na6 11. Nd3 Rd4 12. Be3 Rxc4 13. Ne5 Rb4 14. Bxa6 bxa6 15. Nxc6 Rc4 16. Na5 Rb4 17. 0-0-0 Be6 18. a3 Rbb8 19. Nc6 Re8 20. f3 Rac8 21. Nd4 Bc4 22. Rd2 Nd7 23. Kb1 Nc5 24. Rhd1 f5 25. Nde2 fxe4 26. Bxc5 exf3 27. Nd4 Rxc5 28. Nxf3 Bf6 29. Rd7 Be6 30. Rxa7 Rb8 31. Na4 Ra5 32. Rd6 Rxa4 33. Rxe6 Bxb2 34. Raxa6 Bxa3+ 35. Kc2 Rxa6 36. Rxa6 Be7 37. Ra2 Rd8 38. Ra7 Bc5 39. Rb7 Re8 40. Kd3 Re3+ 41. Kd2 Re6 42. Ng5 Be3+ 43. Ke2 Bxg5+ 44. Kf3 Re3+ 0-1

[Event "Kemerovo op"]
[Site "Kemerovo"]
[Date "2013.07.22"]
[Round "1"]
[White "Likhachev, Alexander"]
[Black "Noskov, Dmitriy"]
[Result "0-1"]
[WhiteElo "1738"]
[BlackElo "2053"]
[PlyCount "44"]
[EventDate "2013.07.22"]
[EventType "swiss"]
[EventRounds "9"]
[EventCountry "RUS"]
[SourceTitle "EXT 2014"]
[Source "ChessBase"]
[SourceDate "2013.11.20"]
[SourceVersion "1"]
[SourceVersionDate "2013.11.20"]
[SourceQuality "1"]

1. e4 e6 2. Nf3 d5 3. exd5 exd5 4. d4 Nc6 5. c4 Be6 6. Ng5 Bb4+ 7. Nc3 Qf6 8. cxd5 Bxd5 9. Qe2+ Nge7 10. Be3 Nxd4 11. Qd3 Bxc3+ 12. bxc3 Ndf5 13. Nh3 Nxe3 14. Qxe3 0-0 15. Nf4 Rfe8 16. Be2 Bc6 17. 0-0 Nd5 18. Nxd5 Bxd5 19. Qc5 Bc6 20. Rae1 Re5 21. Qd4 Rae8 22. Qd2 Qe7 0-1

[Event "Kemerovo Chess School-ch"]
[Site "Kemerovo"]
[Date "2013.03.17"]
[Round "7"]
[White "Nevostrujev, Vladimir"]
[Black "Noskov, Dmitriy"]
[Result "1-0"]
[WhiteElo "2438"]
[BlackElo "2026"]
[PlyCount "73"]
[EventDate "2013.02.24"]
[EventType "swiss"]
[EventRounds "9"]
[EventCountry "RUS"]
[SourceTitle "EXT 2014"]
[Source "ChessBase"]
[SourceDate "2013.11.20"]
[SourceVersion "1"]
[SourceVersionDate "2013.11.20"]
[SourceQuality "1"]

1. e4 e6 2. d4 d5 3. Nd2 Nf6 4. e5 Nfd7 5. c3 c5 6. Bd3 Nc6 7. Ne2 cxd4 8. cxd4 f6 9. exf6 Qxf6 10. Nf3 h6 11. 0-0 Bd6 12. Bc2 0-0 13. Qd3 Rd8 14. Qg6 Qxg6 15. Bxg6 e5 16. dxe5 Ndxe5 17. Nxe5 Bxe5 18. Nf4 Ne7 19. Bd3 Kf7 20. Re1 Bf6 21. Rb1 Bg5 22. g3 Bg4 23. f3 Bxf4 24. Bxf4 Bh5 25. g4 Bg6 26. Rxe7+ Kxe7 27. Bxg6 Rf8 28. Re1+ Kd8 29. Bd6 Rxf3 30. Re8+ Kd7 31. Rxa8 Kxd6 32. Rxa7 Rf4 33. h3 Rb4 34. b3 Ke5 35. Ra4 Rb6 36. Bd3 Rc6 37. Kf2 1-0

[Event "Kemerovo Chess School-ch"]
[Site "Kemerovo"]
[Date "2013.03.03"]
[Round "3"]
[White "Noskov, Dmitriy"]
[Black "Isakov, Nikolay"]
[Result "1-0"]
[WhiteElo "2026"]
[BlackElo "2075"]
[PlyCount "105"]
[EventDate "2013.02.24"]
[EventType "swiss"]
[EventRounds "9"]
[EventCountry "RUS"]
[SourceTitle "EXT 2014"]
[Source "ChessBase"]
[SourceDate "2013.11.20"]
[SourceVersion "1"]
[SourceVersionDate "2013.11.20"]
[SourceQuality "1"]

1. Nf3 Nf6 2. c4 g6 3. Nc3 Bg7 4. g3 0-0 5. Bg2 d6 6. 0-0 e5 7. d3 c6 8. Rb1 a5 9. a3 Re8 10. Nd2 Be6 11. b4 Nbd7 12. b5 d5 13. Na4 Qe7 14. Qc2 Rec8 15. bxc6 bxc6 16. Nb6 Nxb6 17. Rxb6 Nd7 18. Rb7 Rcb8 19. Rxb8+ Rxb8 20. Qa4 Qc5 21. Nb3 Qb6 22. Nxa5 Ra8 23. Bd2 e4 24. cxd5 Bxd5 25. dxe4 Nc5 26. Qc2 Bb3 27. Nxb3 Nxb3 28. Rb1 Rxa3 29. Bc1 Ra1 30. Rxb3 Rxc1+ 31. Qxc1 Qxb3 32. Qxc6 Bd4 33. Qc1 Kg7 34. e3 Bb2 35. Qb1 Qc3 36. Bf1 Bc1 37. Kg2 Qc6 38. Qa1+ Kg8 39. Qd4 Ba3 40. Bc4 Bd6 41. Bd5 Qc7 42. Qa4 Kg7 43. Qe8 f6 44. h4 Kh6 45. Bb3 Qc3 46. Qe6 Be5 47. h5 Qb4 48. Bd5 Qe1 49. hxg6 Kxg6 50. Qg8+ Kh6 51. Qf8+ Kg6 52. Bf7+ Kg5 53. Qg7# 1-0

[Event "Kemerovo Kuzbass-ch"]
[Site "Kemerovo"]
[Date "2012.11.28"]
[Round "9"]
[White "Fedechkin, Vladimir"]
[Black "Noskov, Dmitriy"]
[Result "1/2-1/2"]
[WhiteElo "2080"]
[BlackElo "2011"]
[PlyCount "40"]
[EventDate "2012.11.23"]
[EventType "swiss"]
[EventRounds "9"]
[EventCountry "RUS"]
[SourceTitle "CBM 151 Extra"]
[Source "ChessBase"]
[SourceDate "2012.12.18"]
[SourceVersion "1"]
[SourceVersionDate "2012.12.18"]
[SourceQuality "1"]

1. e4 e6 2. d4 d5 3. Nc3 Bb4 4. exd5 exd5 5. Bd3 Nc6 6. Nge2 Bg4 7. f3 Bh5 8. 0-0 Nge7 9. Bd2 Bg6 10. Bxg6 hxg6 11. Nb5 Bxd2 12. Qxd2 a6 13. Nbc3 Nf5 14. Nf4 Nce7 15. Rfe1 0-0 16. Re5 c6 17. Nd1 Qd7 18. c3 Rae8 19. Nf2 Nc8 20. N2d3 Ncd6 1/2-1/2

[Event "Kemerovo Kuzbass-ch"]
[Site "Kemerovo"]
[Date "2012.11.26"]
[Round "5"]
[White "Kovalev, Alexander"]
[Black "Noskov, Dmitriy"]
[Result "1-0"]
[WhiteElo "2153"]
[BlackElo "2011"]
[PlyCount "73"]
[EventDate "2012.11.23"]
[EventType "swiss"]
[EventRounds "9"]
[EventCountry "RUS"]
[SourceTitle "CBM 151 Extra"]
[Source "ChessBase"]
[SourceDate "2012.12.18"]
[SourceVersion "1"]
[SourceVersionDate "2012.12.18"]
[SourceQuality "1"]

1. e4 e6 2. d4 d5 3. Nd2 Nf6 4. e5 Nfd7 5. f4 c5 6. c3 Nc6 7. Ndf3 cxd4 8. cxd4 Nb6 9. Bd3 Bd7 10. Ne2 Nb4 11. Bb1 Ba4 12. b3 Bd7 13. a3 Nc6 14. 0-0 a5 15. g4 h5 16. gxh5 a4 17. b4 Na7 18. f5 exf5 19. Ng3 Nb5 20. Qd3 g6 21. hxg6 fxg6 22. e6 Bc6 23. Ne5 Qh4 24. Ra2 Qh7 25. Nf7 Bg7 26. Rf4 Bh6 27. Nxh6 Qxh6 28. Rc2 Qg7 29. Rc5 Nc7 30. b5 Nxe6 31. bxc6 0-0 32. Rf2 Nxc5 33. dxc5 Nc4 34. Qxd5+ Qf7 35. Qxf7+ Rxf7 36. Ba2 b5 37. cxb6 1-0

[Event "Kemerovo-ch op"]
[Site "Kemerovo"]
[Date "2012.03.15"]
[Round "5"]
[White "Noskov, Dmitriy"]
[Black "Feofanov, Andrei"]
[Result "1/2-1/2"]
[WhiteElo "2039"]
[BlackElo "1904"]
[PlyCount "83"]
[EventDate "2012.03.04"]
[EventType "swiss"]
[EventRounds "9"]
[EventCountry "RUS"]
[SourceTitle "EXT 2014"]
[Source "ChessBase"]
[SourceDate "2013.11.20"]
[SourceVersion "1"]
[SourceVersionDate "2013.11.20"]
[SourceQuality "1"]

1. d4 d5 2. Bg5 Nf6 3. Bxf6 exf6 4. e3 Bf5 5. Nd2 c6 6. c4 Bb4 7. a3 Bxd2+ 8. Qxd2 0-0 9. Rc1 dxc4 10. Bxc4 Nd7 11. Ne2 Nb6 12. Ba2 Qe7 13. 0-0 Rad8 14. Qa5 Bd3 15. Rfe1 Bxe2 16. Rxe2 Nc8 17. Qh5 g6 18. Qf3 f5 19. Rec2 Nd6 20. d5 cxd5 21. Bxd5 Rd7 22. h3 Rfd8 23. b4 Kg7 24. Rc5 Ne4 25. Bxe4 fxe4 26. Qf4 Rd1+ 27. Rxd1 Rxd1+ 28. Kh2 Qd6 29. Qxd6 Rxd6 30. Rc7 Ra6 31. Rxb7 Rxa3 32. Kg3 a5 33. b5 Rb3 34. Kf4 Rb4 35. g4 h6 36. h4 a4 37. b6 a3 38. g5 hxg5+ 39. hxg5 Rb2 40. Ra7 Rxf2+ 41. Kxe4 Rb2 42. Rxa3 1/2-1/2

[Event "Kuzbass-ch op"]
[Site "Kemerovo"]
[Date "2011.10.18"]
[Round "6"]
[White "Savintsev, Dmitriy"]
[Black "Noskov, Dmitriy"]
[Result "1/2-1/2"]
[WhiteElo "1901"]
[BlackElo "2031"]
[PlyCount "47"]
[EventDate "2011.10.14"]
[EventType "swiss"]
[EventRounds "9"]
[EventCountry "RUS"]
[SourceTitle "EXT 2012"]
[Source "ChessBase"]
[SourceDate "2011.11.24"]
[SourceVersion "1"]
[SourceVersionDate "2011.11.24"]
[SourceQuality "1"]

1. b3 d5 2. Bb2 Nf6 3. e3 e6 4. f4 b6 5. Nf3 Bb7 6. Ne5 Bd6 7. Bd3 Qc8 8. Qe2 Nbd7 9. 0-0 Nc5 10. Rf3 Nxd3 11. cxd3 Rg8 12. Rg3 Ba6 13. Nc6 Qb7 14. Nd8 Kxd8 15. Bxf6+ Kd7 16. Qh5 gxf6 17. Qxf7+ Be7 18. Rxg8 Rxg8 19. Qxg8 Bxd3 20. Nc3 Qa6 21. Nxd5 exd5 22. Qxd5+ Bd6 23. Qf7+ Be7 24. Qd5+ 1/2-1/2

[Event "Kemerovo-ch"]
[Site "Kemerovo"]
[Date "2011.03.06"]
[Round "5"]
[White "Noskov, Dmitriy"]
[Black "Fanaskov, Vjacheslav"]
[Result "1/2-1/2"]
[WhiteElo "2013"]
[BlackElo "2212"]
[PlyCount "55"]
[EventDate "2011.02.20"]
[EventType "swiss"]
[EventRounds "9"]
[EventCountry "RUS"]
[SourceTitle "CBM 141 Extra"]
[Source "ChessBase"]
[SourceDate "2011.05.03"]
[SourceVersion "1"]
[SourceVersionDate "2011.05.03"]
[SourceQuality "1"]

1. d4 Nf6 2. Nf3 e6 3. c4 Bb4+ 4. Bd2 Qe7 5. a3 Bxd2+ 6. Nbxd2 d6 7. Qc2 Nbd7 8. e3 e5 9. dxe5 dxe5 10. Ne4 0-0 11. Bd3 Nxe4 12. Bxe4 Nf6 13. Bf5 e4 14. Bxc8 Raxc8 15. Nd4 Qe5 16. 0-0-0 a6 17. c5 c6 18. h3 Rfd8 19. b4 Nd5 20. Rd2 Re8 21. Nb3 f5 22. g3 Re7 23. Qb2 Qxb2+ 24. Kxb2 Kf7 25. Na5 Ke6 26. Nc4 Ra8 27. Kb3 Rd7 28. Rhd1 1/2-1/2

[Event "Kemerovo-ch"]
[Site "Kemerovo"]
[Date "2011.02.27"]
[Round "3"]
[White "Noskov, Dmitriy"]
[Black "Sazhinov, Alexander"]
[Result "1/2-1/2"]
[WhiteElo "2013"]
[BlackElo "2250"]
[PlyCount "131"]
[EventDate "2011.02.20"]
[EventType "swiss"]
[EventRounds "9"]
[EventCountry "RUS"]
[SourceTitle "CBM 141 Extra"]
[Source "ChessBase"]
[SourceDate "2011.05.03"]
[SourceVersion "1"]
[SourceVersionDate "2011.05.03"]
[SourceQuality "1"]

1. d4 Nf6 2. Nf3 d5 3. c4 dxc4 4. Nc3 a6 5. a4 c5 6. e3 Bg4 7. Bxc4 e6 8. d5 exd5 9. Nxd5 Nc6 10. h3 Be6 11. Nxf6+ Qxf6 12. Bxe6 Qxe6 13. 0-0 Rd8 14. Qe2 Be7 15. Bd2 Bf6 16. Bc3 Bxc3 17. bxc3 0-0 18. Rab1 Rd7 19. Qc2 h6 20. Rb6 Qd5 21. Rfb1 Na5 22. Rc1 Nc4 23. Rb3 Rfd8 24. Qe2 Qe4 25. Rbb1 Nd2 26. Nxd2 Rxd2 27. Qg4 Qxg4 28. hxg4 R8d7 29. f3 g5 30. e4 Ra2 31. Ra1 Re2 32. Re1 Rc2 33. Rec1 Rdd2 34. Rxc2 Rxc2 35. Rb1 b5 36. axb5 axb5 37. Rxb5 c4 38. Rc5 Rxc3 39. Kf2 Rc2+ 40. Ke3 Kg7 41. Kd4 Rd2+ 42. Kxc4 Kf6 43. g3 Ke6 44. Rc6+ Ke5 45. Rc5+ Ke6 46. Rd5 Rg2 47. Kd3 Rxg3 48. Ke3 Rg1 49. Ra5 f6 50. Ra6+ Ke7 51. Ra5 Re1+ 52. Kf2 Rb1 53. Ra6 Rb2+ 54. Kg3 Kf7 55. e5 fxe5 56. Rxh6 Re2 57. Rb6 e4 58. fxe4 Re3+ 59. Kf2 Rxe4 60. Kf3 Rf4+ 61. Kg3 Rd4 62. Ra6 Rd3+ 63. Kg2 Re3 64. Rb6 Re6 65. Rb5 Kf6 66. Kf3 1/2-1/2

[Event "Kuzbass-ch"]
[Site "Kemerovo"]
[Date "2010.10.23"]
[Round "1"]
[White "Noskov, Dmitriy"]
[Black "Starkov, S."]
[Result "1/2-1/2"]
[WhiteElo "2015"]
[BlackElo "2221"]
[PlyCount "126"]
[EventDate "2010.10.23"]
[EventType "swiss"]
[EventRounds "9"]
[EventCountry "RUS"]
[SourceTitle "EXT 2011"]
[Source "ChessBase"]
[SourceDate "2010.11.26"]
[SourceVersion "1"]
[SourceVersionDate "2010.11.26"]
[SourceQuality "1"]

1. d4 d5 2. c4 Nc6 3. Nf3 Bg4 4. cxd5 Bxf3 5. gxf3 Qxd5 6. e3 e5 7. Nc3 Bb4 8. Bd2 Qd7 9. a3 Bd6 10. d5 Nd8 11. Bb5 c6 12. Ba4 Nf6 13. Rg1 0-0 14. e4 Qh3 15. Bg5 Qxh2 16. Ke2 Ne8 17. b4 f6 18. Be3 Qh3 19. Rh1 Qd7 20. Qb3 Nf7 21. Qc4 Rc8 22. Qa2 b5 23. dxc6 Qxc6 24. Bxb5 Qb7 25. Bc4 Qc6 26. Bd5 Qa6+ 27. Kd2 f5 28. Rxh7 Nf6 29. Bxf7+ Rxf7 30. Rh8+ Kxh8 31. Qxf7 Qc6 32. Rh1+ Nh7 33. Qxf5 Qxc3+ 34. Ke2 Qc4+ 35. Ke1 Qc1+ 36. Bxc1 Rxc1+ 37. Kd2 Rxh1 38. Qe6 Rh6 39. Qd7 a6 40. Kd3 Nf8 41. Qb7 Kh7 42. Kc4 Ne6 43. Qxa6 Nd4 44. Qc8 Rf6 45. Qh3+ Kg8 46. Qc8+ Kh7 47. a4 Rxf3 48. Qd8 Rf6 49. b5 Ba3 50. a5 Rd6 51. Qxd6 Bxd6 52. b6 Bb8 53. a6 Nc6 54. Kc5 Na7 55. Kd5 Kg6 56. bxa7 Bxa7 57. Kxe5 Bxf2 58. Ke6 Kh6 59. e5 g5 60. Kf7 g4 61. e6 g3 62. e7 g2 63. e8Q g1Q 1/2-1/2

[Event "Berdsk Maestro op 16th"]
[Site "Berdsk"]
[Date "2010.07.11"]
[Round "4"]
[White "Kryuchkov, Alexandr"]
[Black "Noskov, Dmitriy"]
[Result "1/2-1/2"]
[WhiteElo "2123"]
[BlackElo "1991"]
[PlyCount "114"]
[EventDate "2010.07.08"]
[EventType "swiss"]
[EventRounds "9"]
[EventCountry "RUS"]
[SourceTitle "EXT 2011"]
[Source "ChessBase"]
[SourceDate "2010.11.26"]
[SourceVersion "1"]
[SourceVersionDate "2010.11.26"]
[SourceQuality "1"]

1. d4 d5 2. Nf3 Nf6 3. c4 e6 4. Nc3 Be7 5. Bg5 0-0 6. e3 h6 7. Bh4 b6 8. Be2 Bb7 9. Bxf6 Bxf6 10. cxd5 exd5 11. b4 c5 12. bxc5 bxc5 13. Rb1 Bc6 14. 0-0 Qa5 15. Qd2 Nd7 16. Nxd5 Qxd2 17. Nxf6+ Nxf6 18. Nxd2 cxd4 19. exd4 Rad8 20. Nb3 Ba4 21. Rfd1 Ne4 22. Rbc1 Rfe8 23. Bf1 Rc8 24. Rxc8 Rxc8 25. Rc1 Rd8 26. Nc5 Rxd4 27. Nxa4 Rxa4 28. Rc8+ Kh7 29. Rc4 Rxc4 30. Bxc4 Kg8 31. f3 Nd6 32. Bd3 Kf8 33. Kf2 Ke7 34. Ke3 Nb7 35. Be4 Nc5 36. Kd4 Kd6 37. Kc4 Nxe4 38. fxe4 Ke5 39. Kb5 Kxe4 40. Ka6 Kd5 41. Kxa7 Kc6 42. Kb8 f5 43. a4 g5 44. a5 Kb5 45. Kb7 Kxa5 46. Kc6 f4 47. Kd5 Kb5 48. h3 Kb4 49. Kd4 Kb3 50. Kd3 Kb2 51. Ke4 Kc3 52. h4 gxh4 53. Kxf4 Kd4 54. Kg4 Ke5 55. Kxh4 Kf4 56. g4 Kf3 57. Kh5 Kg3 1/2-1/2

[Event "Berdsk Maestro op 16th"]
[Site "Berdsk"]
[Date "2010.07.10"]
[Round "3"]
[White "Pavlov, Oleg Yuryevich"]
[Black "Noskov, Dmitriy"]
[Result "0-1"]
[WhiteElo "2297"]
[BlackElo "1991"]
[PlyCount "103"]
[EventDate "2010.07.08"]
[EventType "swiss"]
[EventRounds "9"]
[EventCountry "RUS"]
[SourceTitle "EXT 2011"]
[Source "ChessBase"]
[SourceDate "2010.11.26"]
[SourceVersion "1"]
[SourceVersionDate "2010.11.26"]
[SourceQuality "1"]

1. d4 d5 2. Nf3 Nf6 3. c4 e6 4. Nc3 Be7 5. Bg5 0-0 6. e3 h6 7. Bxf6 Bxf6 8. Qc2 b6 9. 0-0-0 Bb7 10. cxd5 Bxd5 11. Nxd5 Qxd5 12. Bc4 Qb7 13. Bd3 c5 14. Bh7+ Kh8 15. Be4 Nc6 16. Ne5 Bxe5 17. dxe5 Rad8 18. Rd6 Rxd6 19. exd6 Qd7 20. Qa4 Ne5 21. Qxd7 Nxd7 22. Rd1 Rd8 23. Kc2 Kg8 24. Kc3 Kf8 25. Bc6 Ne5 26. Bb5 Ng4 27. Rd2 Nf6 28. Bc6 Ne8 29. Bxe8 Kxe8 30. Kc4 a6 31. a4 Kd7 32. a5 bxa5 33. Kxc5 Rb8 34. Kc4 Rb6 35. f4 f5 36. Kc3 Rxd6 37. Rxd6+ Kxd6 38. Kb3 Kd5 39. Ka4 Kc4 40. g3 Kd3 41. Kxa5 Kc2 42. b4 Kc3 43. Kxa6 Kxb4 44. Kb6 Kc4 45. Kc6 Kd3 46. Kd6 Kxe3 47. Kxe6 Ke4 48. h4 Kf3 49. Kxf5 Kxg3 50. h5 Kf3 51. Kg6 Kxf4 52. Kxg7 0-1

[Event "Berdsk Maestro op 16th"]
[Site "Berdsk"]
[Date "2010.07.08"]
[Round "1"]
[White "Sazhinov, Alexander"]
[Black "Noskov, Dmitriy"]
[Result "1/2-1/2"]
[WhiteElo "2282"]
[BlackElo "1991"]
[PlyCount "53"]
[EventDate "2010.07.08"]
[EventType "swiss"]
[EventRounds "9"]
[EventCountry "RUS"]
[SourceTitle "EXT 2011"]
[Source "ChessBase"]
[SourceDate "2010.11.26"]
[SourceVersion "1"]
[SourceVersionDate "2010.11.26"]
[SourceQuality "1"]

1. a3 b6 2. b4 Bb7 3. Bb2 c5 4. c4 e6 5. b5 Nf6 6. e3 Be7 7. Nf3 d5 8. Be2 Nbd7 9. 0-0 0-0 10. Nc3 Ne4 11. Qb3 Nxc3 12. Bxc3 dxc4 13. Bxc4 Bf6 14. Rfd1 Qe7 15. a4 Rfd8 16. a5 h6 17. Ra4 Bxc3 18. Qxc3 Qf6 19. Qxf6 Nxf6 20. Kf1 Ne4 21. a6 Bd5 22. Be2 Nd6 23. Rb1 Rac8 24. Ke1 f6 25. d3 e5 26. Rb2 Be6 27. Bd1 1/2-1/2

[Event "Kemerovo-ch"]
[Site "Kemerovo"]
[Date "2010.03.20"]
[Round "8"]
[White "Fanaskov, Artem"]
[Black "Noskov, Dmitriy"]
[Result "0-1"]
[WhiteElo "2039"]
[BlackElo "1977"]
[PlyCount "56"]
[EventDate "2010.03.15"]
[EventType "swiss"]
[EventRounds "9"]
[EventCountry "RUS"]
[SourceTitle "CBM 135 Extra"]
[Source "ChessBase"]
[SourceDate "2010.05.04"]
[SourceVersion "1"]
[SourceVersionDate "2010.05.04"]
[SourceQuality "1"]

1. d4 Nf6 2. c4 c5 3. Nf3 cxd4 4. Nxd4 Nc6 5. Nc3 g6 6. e4 Bg7 7. Be3 Ng4 8. Qxg4 Nxd4 9. Qd1 Ne6 10. Bd3 d6 11. 0-0 Bd7 12. Rc1 g5 13. Qd2 Qa5 14. a3 Qe5 15. Nd5 Qxb2 16. Qa5 Bc6 17. c5 dxc5 18. Bxc5 b6 19. Bxb6 axb6 20. Qxb6 Qxb6 21. Nxb6 Rxa3 22. Rfd1 Bb7 23. Bb5+ Kf8 24. Rd7 Bb2 25. Rb1 Nc5 26. Rd8+ Kg7 27. Rxh8 Kxh8 28. Nc4 Ra1 0-1

[Event "Kemerovo-ch"]
[Site "Kemerovo"]
[Date "2010.03.18"]
[Round "6"]
[White "Noskov, Dmitriy"]
[Black "Emeljashin, Yury"]
[Result "0-1"]
[WhiteElo "1977"]
[BlackElo "2091"]
[PlyCount "54"]
[EventDate "2010.03.15"]
[EventType "swiss"]
[EventRounds "9"]
[EventCountry "RUS"]
[SourceTitle "CBM 135 Extra"]
[Source "ChessBase"]
[SourceDate "2010.05.04"]
[SourceVersion "1"]
[SourceVersionDate "2010.05.04"]
[SourceQuality "1"]

1. d4 d5 2. c4 e5 3. dxe5 d4 4. Nf3 Nc6 5. g3 Bg4 6. Bg5 Qd7 7. Nbd2 h6 8. Bf4 g5 9. e6 Bxe6 10. Bxg5 hxg5 11. Nxg5 Bxc4 12. Nxc4 Qd5 13. Qb3 Bb4+ 14. Kd1 Qxh1 15. Nd6+ Kd7 16. Qxf7+ Kxd6 17. Qf4+ Kc5 18. Ne6+ Kb6 19. Qxc7+ Ka6 20. Kc2 Qe4+ 21. Kc1 d3 22. a3 Qc4+ 23. Kb1 Qc2+ 24. Ka2 Ba5 25. Qf4 d2 26. e3+ b5 27. Qg5 Nb4+ 0-1

[Event "Kemerovo-ch"]
[Site "Kemerovo"]
[Date "2010.03.16"]
[Round "2"]
[White "Ganichev, Boris"]
[Black "Noskov, Dmitriy"]
[Result "1-0"]
[WhiteElo "2070"]
[BlackElo "1977"]
[PlyCount "69"]
[EventDate "2010.03.15"]
[EventType "swiss"]
[EventRounds "9"]
[EventCountry "RUS"]
[SourceTitle "CBM 135 Extra"]
[Source "ChessBase"]
[SourceDate "2010.05.04"]
[SourceVersion "1"]
[SourceVersionDate "2010.05.04"]
[SourceQuality "1"]

1. c4 c5 2. g3 Nc6 3. Bg2 Nf6 4. Nf3 d6 5. d4 cxd4 6. Nxd4 Bd7 7. 0-0 g6 8. Na3 Bg7 9. Nac2 0-0 10. b3 Rb8 11. Bb2 a6 12. Qd2 b5 13. Nxc6 Bxc6 14. Bxc6 bxc4 15. Bxf6 Bxf6 16. Rab1 Qb6 17. Be4 Rfc8 18. bxc4 Qxb1 19. Rxb1 Rxb1+ 20. Kg2 Rb2 21. Qd3 Rxa2 22. Nb4 Ra1 23. Nd5 a5 24. Nxf6+ exf6 25. Qd4 Ra2 26. Qxf6 Rxe2 27. Bd5 Rf8 28. Qxd6 a4 29. Qa3 Rc8 30. Qxa4 Re7 31. Qa6 Rcc7 32. Qf6 Red7 33. h4 h5 34. Qxg6+ Kf8 35. Qxh5 1-0

[Event "Kemerovo-ch"]
[Site "Kemerovo"]
[Date "2010.03.16"]
[Round "3"]
[White "Pjatelin, Dmitrij"]
[Black "Noskov, Dmitriy"]
[Result "0-1"]
[WhiteElo "2125"]
[BlackElo "1977"]
[PlyCount "58"]
[EventDate "2010.03.15"]
[EventType "swiss"]
[EventRounds "9"]
[EventCountry "RUS"]
[SourceTitle "CBM 135 Extra"]
[Source "ChessBase"]
[SourceDate "2010.05.04"]
[SourceVersion "1"]
[SourceVersionDate "2010.05.04"]
[SourceQuality "1"]

1. d4 Nf6 2. Nf3 c5 3. d5 b5 4. c4 bxc4 5. Nc3 g6 6. e4 Bg7 7. h3 0-0 8. Bxc4 Ba6 9. Nd2 d6 10. 0-0 Bxc4 11. Nxc4 Nbd7 12. f4 Nb6 13. Qd3 Nfd7 14. Ne3 Rc8 15. Nc4 Nxc4 16. Qxc4 Rb8 17. Rb1 Rb4 18. Qd3 c4 19. Qc2 Qb6+ 20. Kh1 Rb8 21. Nd1 Qa6 22. Rf3 Qxa2 23. Nc3 Qb3 24. Qxb3 Rxb3 25. Ra1 R8b7 26. Ra4 Bxc3 27. bxc3 Rb1 28. Rf1 Nc5 29. Rxc4 Nd3 0-1

[Event "Kemerovo op"]
[Site "Kemerovo"]
[Date "2009.10.23"]
[Round "9"]
[White "Noskov, Dmitriy"]
[Black "Kljucharev, Sergey"]
[Result "0-1"]
[WhiteElo "1961"]
[BlackElo "2395"]
[PlyCount "90"]
[EventDate "2009.10.16"]
[EventType "swiss"]
[EventRounds "9"]
[EventCountry "RUS"]
[SourceTitle "EXT 2010"]
[Source "ChessBase"]
[SourceDate "2010.11.25"]
[SourceVersion "1"]
[SourceVersionDate "2010.11.25"]
[SourceQuality "1"]

1. d4 d5 2. c4 e6 3. Nc3 Nf6 4. Bg5 Be7 5. Nf3 0-0 6. e3 h6 7. Bh4 b6 8. cxd5 Nxd5 9. Bxe7 Qxe7 10. Bd3 c5 11. Rc1 Nxc3 12. bxc3 Bb7 13. 0-0 Nd7 14. e4 cxd4 15. cxd4 Rfc8 16. Qe2 e5 17. Bb1 exd4 18. Nxd4 Nc5 19. e5 Ba6 20. Nf5 Qg5 21. f4 Bxe2 22. fxg5 Bxf1 23. Ne7+ Kf8 24. Nxc8 Rxc8 25. Kxf1 hxg5 26. Ke2 Ke7 27. Bf5 Rd8 28. Kf3 Rd4 29. g3 g6 30. Bh3 Rd5 31. Re1 Nd3 32. Re3 Nxe5+ 33. Ke2 Kd6 34. Ra3 a5 35. Bg2 Rd2+ 36. Kxd2 Nc4+ 37. Kc3 Nxa3 38. Bf1 Kc5 39. Kb3 Nb5 40. Bc4 a4+ 41. Kxa4 Kxc4 42. h4 gxh4 43. gxh4 f5 44. h5 gxh5 45. a3 Nc3# 0-1